Célébrités peu communes - Statistiques

Statistiques générales
  • Ce quiz a été pris 115 fois
  • Le résultat moyen est 14 sur 36
Statistiques - réponses
Par images Réponse % Correct
Valérie Pecresse
90%
Jean Paul Rouve
89%
Harry Roselmack
66%
Louis Bertignac
66%
Kevin Mayer
62%
Clovis Cornillac
58%
Tony Estanguet
58%
Mélanie Laurent
55%
Laurent Wauquiez
51%
Albert Dupontel
49%
Dominique Farrugia
47%
Beatrice Dalle
45%
Vincent Desagnat
45%
Nathalie Baye
44%
Salma Hayek
44%
Laurent Romejko
43%
Joyce Jonathan
42%
Quentin Dupieux
40%
Martin Fourcade
38%
Michael Keaton
35%
Laure Calamy
29%
Viggo Mortensen
29%
Vincent Elbaz
28%
Maurice Barthélémy
24%
Igor Gotesman
22%
Julien Josselin
20%
Jesse Eisenberg
19%
Jonah Hill
19%
Ana Girardot
18%
Mahershala Ali
15%
René Coty
15%
Harvey Keittel
14%
Rosamund Pike
12%
Tchéky Karyo
12%
Alexis Pinturault
3%
Ed Helms
3%
Aucun quiz correspondant
Distribution des résultats
% des personnes avec chaque résultat
Percentile par nombre de réponses
Votre historique - résultats
Vous n’avez pas pris ce quiz